000 00460nam a2200169Ia 4500
008 210719s2004 xx 000 0 und d
020 _a818868502X
041 _aeng
082 _a305.56 PAIS
100 _aPAIS (Richard)
245 _aScheduled castes a study in employment and social mobility.
260 _aMangalore
_bMangala publications
_c2004
300 _ax,245
_bPB
365 _b350
_cRs
650 _aSocial Classes
906 _aScheduled Castes
999 _c213822
_d213822